| 000 -LEADER |
| fixed length control field |
00753nam a22001695a 4500 |
| 020 ## - INTERNATIONAL STANDARD BOOK NUMBER |
| ISBN |
9789715601542 (hard) |
| 020 ## - INTERNATIONAL STANDARD BOOK NUMBER |
| ISBN |
9789715601528 (pbk.) |
| 040 ## - CATALOGING SOURCE |
| Transcribing agency |
DLC |
| 082 ## - DEWEY DECIMAL CLASSIFICATION NUMBER |
| Classification number |
SEA SAJ 2012 C336 Or. |
| 100 1# - MAIN ENTRY--AUTHOR NAME |
| Personal name |
Sajise, Percy E., |
| 245 10 - TITLE STATEMENT |
| Title |
Ecology, environment, and sustainable development : |
| Remainder of title |
reflections spanning five decades / |
| 260 ## - PUBLICATION, DISTRIBUTION, ETC. (IMPRINT) |
| Place of publication |
College, Los Baños, Laguna, Philippines : |
| Name of publisher |
Southeast Asian Regional Center for Graduate Study and Research in Agriculture : |
| -- |
University of the Philippines Los Baños, |
| Year of publication |
c2012. |
| 300 ## - PHYSICAL DESCRIPTION |
| Number of Pages |
x, 151 p. : |
| Other physical details |
ill. (some col.) ; |
| Dimensions |
24 cm. |
| 710 2# - ADDED ENTRY--CORPORATE NAME |
| Corporate name or jurisdiction name as entry element |
Southeast Asian Regional Centre for Graduate Study and Research in Agriculture. |
| 710 2# - ADDED ENTRY--CORPORATE NAME |
| Corporate name or jurisdiction name as entry element |
University of the Philippines at Los Baños. |
| 942 ## - ADDED ENTRY ELEMENTS (KOHA) |
| Koha item type |
ADB |
| 952 ## - LOCATION AND ITEM INFORMATION (KOHA) |
| Withdrawn status [LOCAL, KOHA] |
0 |